Statistics for Chris's General Knowledge Quiz #1

Click here to take the quiz!

General Stats

  • This quiz has been taken 80 times
  • The average score is 8 of 20

Answer Stats

QuestionAnswer% Correct
A Nativity play usually portrays the birth of who?Jesus Christ
74%
Eritrea is located on what continent?Africa
64%
What food are you advised to put your phone in after dropping it in water?Rice
64%
What word links a fortified wine and the left side of a ship?Port
61%
The element Tantalum has what two-letter symbol?Ta
60%
Which Welsh singer is a judge on the UK version of 'The Voice'?Sir Tom Jones
57%
In 'The Flintstones', who is Barney's wife?Betty
53%
What rank did Charles de Gaulle reach in the French Army?General
50%
Mariah Carey and Enrique Iglesias have both had hits with which one word title?Hero
50%
In which German state did Oktoberfest first take place?Bavaria
49%
What is the gemstone for September?Sapphire
39%
In the 1990s, Sir Alan Sugar was chairman of which football club?Tottenham Hotspur
37%
In metres, what is the width of each lane in an Olympic swimming pool?2.5m
33%
Which Disney/Pixar film featured the villain Syndrome?The Incredibles
31%
Who was the second Catherine to marry Henry VIII?Catherine Howard
30%
Which London Underground line is first alphabetically?Bakerloo
20%
'Persian apples' is an ancient name for what fruit?Peach
20%
Who co-wrote the charity single ‘We Are the World’ with Michael Jackson?Lionel Richie
10%
In mythology, Asclepius was the Greco-Roman God of what?Medicine
9%
What is the collective term for nieces and nephews?Niblings
7%

Score Distribution

Percentile by Number Answered

Percent of People with Each Score

Your Score History

You have not taken this quiz